Drug or Pokémon? II Quiz Stats

 Plays Quiz Updated Jun 19, 2018

Score 0/40 Timer 04:00
9 Plays Today
Clue Drug or Pokemon? % Correct
????
88.9%
????
86.5%
????
83.8%
????
83.1%
????
82.3%
????
81.7%
????
80.6%
????
79.9%
????
79.4%
????
78.9%
????
78.3%
????
78.2%
????
77.8%
????
77.3%
????
76.9%
????
75.3%
????
75.1%
????
73.9%
????
73.8%
????
73.4%
Clue Drug or Pokemon? % Correct
????
72.7%
????
71.4%
????
71.3%
????
71.3%
????
71.1%
????
69.8%
????
69.6%
????
69%
????
68.1%
????
66.2%
????
66.1%
????
66%
????
65.7%
????
65%
????
64.1%
????
63.6%
????
59.8%
????
59.8%
????
56.2%
????
49.9%

You're not logged in!

Compare scores with friends on all Sporcle quizzes.
OR
Log In

Show Comments

Extras

Top Quizzes Today


Score Distribution

Your Account Isn't Verified!

In order to create a playlist on Sporcle, you need to verify the email address you used during registration. Go to your Sporcle Settings to finish the process.

Report this User

Report this user for behavior that violates our Community Guidelines.

Details: